Woodcarving techniques
| Main Author: | |
|---|---|
| Format: | Book |
| Published: |
London :
B.T. Batsford Limited ,
1979
|
| Subjects: |
MARC
| LEADER | 00000cam a2200000 7i4500 | ||
|---|---|---|---|
| 001 | 0000034412 | ||
| 002 | 000037188 | ||
| 005 | 20000331.0 | ||
| 020 | |a 0713409967 | ||
| 090 | 0 | 0 | |a 736.4 |b NAY |
| 100 | 1 | |a Naylor, Rod | |
| 245 | 1 | 0 | |a Woodcarving techniques |c Rod Naylor |
| 260 | |a London : |b B.T. Batsford Limited , |c 1979 | ||
| 300 | |a 120 p. : |b ill ; |c 25 cm. | ||
| 650 | 0 | 0 | |a Wood-carving |
| 999 | |a 015950 |b BUKU |c PINJAMAN |e PERPUSTAKAAN KOMUNITI PETALING JAYA | ||